Lucifer's Siblings - Statistics

General Stats
  • This quiz has been taken 40 times
  • The average score is 5 of 14
Answer Stats
Role Sibling % Correct
Brother Amenadiel
91%
Brother Michael
91%
Brother Uriel
82%
Sister Azrael
74%
Sister Remiel
74%
Sister Gabriel
56%
Brother Zadkiel
18%
Brother Raphael
15%
Sister Saraquael
15%
Brother Castiel
12%
Brother Hanjobadiel
12%
Brother Jophiel
3%
Brother Ibriel
0%
Sister Raziel
0%
No matching quizzes found
Score Distribution
Percent of People with Each Score
Percentile by Number Answered
Your Score History
You have not taken this quiz